|
|
|
|
| LEADER |
00000nab a2200000 a 4500 |
| 001 |
vtls000475233 |
| 003 |
SK-MaSNL |
| 005 |
20260318122608.0 |
| 008 |
230217c1992 xo 0 eng |
| 015 |
|
|
|a SNBRB19rr/mm-uuuuu
|
| 035 |
|
|
|a CL0475367
|
| 035 |
|
|
|a urn:nbn:sk:snk-ab1qk7
|
| 035 |
|
|
|a (urnnbn)urn:nbn:sk:snk:ar-004zwq
|
| 035 |
|
|
|a (uuid)3a526c17-81b2-41c9-9184-b633beb0098f
|
| 040 |
|
|
|a SNKBUCL
|b slo
|c SNKBUCL
|e AACR2
|
| 041 |
0 |
|
|a eng
|
| 044 |
|
|
|a xo
|c SK
|
| 080 |
|
|
|a 519.68:510.6
|2 1981
|
| 080 |
|
|
|a 510.6
|2 1981
|
| 100 |
1 |
|
|a Malhotra, Vishv Mohan
|4 aut
|9 1542067
|
| 245 |
1 |
0 |
|a On generating functional programs from PROLOG specifications
|c Vishv Mohan Malhotra, Anurag Jain
|
| 300 |
|
|
|b Fotogr. 2, tab. 1, res. angl., lit. 11 zázn v angl.
|
| 650 |
0 |
7 |
|a logické programovanie
|2 snkbucl
|9 1860
|
| 650 |
0 |
7 |
|a programovanie funkčné
|2 snkbucl
|9 1374859
|
| 650 |
0 |
7 |
|a programovacie jazyky
|2 snkbucl
|9 1838
|
| 650 |
0 |
7 |
|a Prolog (programovací jazyk)
|2 snkbucl
|9 81967
|
| 655 |
|
7 |
|a články z novín a časopisov
|2 snkbucl
|9 267496
|
| 700 |
1 |
|
|a Jain, Anurag
|4 aut
|9 1542068
|
| 773 |
0 |
|
|t Computers and artificial intelligence
|g Roč. 11, č. 4 (1992), s. 375-384
|x 0232-0274
|
| 850 |
|
|
|a Slovenská národná knižnica v Martine
|a MTA001
|
| 852 |
|
|
|a SNK
|b KIS3GCP
|
| 958 |
|
|
|a NB
|
| 958 |
|
|
|a RK
|
| 958 |
|
|
|a IN
|
| 958 |
|
|
|a TH
|
| 958 |
|
|
|a OND
|
| 958 |
|
|
|a EUIPO
|
| 958 |
|
|
|a article27
|
| 992 |
|
|
|a RBX
|
| 999 |
|
|
|c 3127091
|d 3129021
|